| 000 | 00925nam a2200229 i 4500 | ||
|---|---|---|---|
| 003 | IT-RoINE | ||
| 005 | 20200520084039.0 | ||
| 008 | 960922s1963 sp r | spa d | ||
| 040 |
_aSpMaBN _cCDM IT-RoINE _dIT-RoINE |
||
| 100 | 1 |
_aPabón y Suárez de Urbina, Jesús, _d1902-1976 _9653 |
|
| 245 | 1 | 0 |
_aDías de ayer : _bhistoria e historiadores contemporáneos _cJesús Pabón. |
| 260 |
_aBarcelona . _bAlpha, _c1963. |
||
| 300 |
_a484 p., [42] h. de lám. ; _c25 cm. |
||
| 336 |
_2rdacontent _atext |
||
| 337 |
_2rdamedia _aunmediated |
||
| 338 |
_2rdacarrier _avolume |
||
| 600 | 1 | 4 |
_96531 _aChurchill, Winston, _cSir, _d1874-1965 |
| 650 | 4 |
_aHistoria moderna y contemporánea _940258 _vDiscursos, ensayos, conferencias |
|
| 650 | 4 |
_aHistoriografía _zEspaña _ySiglos 19o.-20o. _vDiscursos, ensayos, conferencias _958977 |
|
| 651 | 7 |
_aEspaña _xHistoria _ySiglos 19o.-20o. _vDiscursos, ensayos, conferencias _958978 |
|
| 942 | _cMTS | ||
| 999 |
_c30084 _d30084 |
||